| 000 | 00945nam a22003137a 4500 | ||
|---|---|---|---|
| 001 | 0050964 | ||
| 003 | KOHA_MİRAKIL | ||
| 005 | 20260207003747.0 | ||
| 007 | ta | ||
| 008 | 150629b2013 tu a|||gr||||#0|||1|tur | | ||
| 020 | _a9789759114947 | ||
| 040 |
_aTR-BiSEU _btur _cTR-BiSEU _erda |
||
| 041 | 0 | _atur | |
| 044 | _ctu | ||
| 050 |
_aPE1128 _b.C45 2013 |
||
| 100 | 1 | _aÇelik, Yavuz. | |
| 245 | 1 |
_aGrammar practice book : _bdeciphering Englih for Turkish learners/ _cYavuz Çelik ; Yavuz Çelik. |
|
| 264 | 1 |
_aAnkara : _bKurmay _c2013 |
|
| 300 |
_a341 pages : _billustrated ; _c25 cm. |
||
| 336 |
_ametin _btxt _2rdacontent |
||
| 337 |
_aaracısız _bn _2rdamedia |
||
| 338 |
_acilt _bnc _2rdacarrier |
||
| 650 | 0 |
_aİngiliz dili--Gramer. _935601 |
|
| 650 | 0 |
_aEnglish language--Grammar.. _93478 |
|
| 650 | 0 |
_aStandart İngilizce kullanımı. _994417 |
|
| 650 | 0 |
_aStandard english usage _994418 |
|
| 907 | _aDil | ||
| 942 |
_2lcc _cBK |
||
| 999 |
_c50792 _d50792 |
||